Wszystkie miasta w Dolnośląskim - Statystyki

Ogólne statystyki
  • Ten quiz został rozwiązany 46 razy
    21 od ostatniego zresetowania
  • Średni wynik to 51 z 92
Statystyki odpowiedzi
Miasto % Poprawnych
Wrocław
100%
Lubin
95%
Jelenia Góra
90%
Legnica
90%
Oława
85%
Wałbrzych
85%
Bolesławiec
80%
Jawor
80%
Polkowice
80%
Trzebnica
80%
Bogatynia
75%
Dzierżoniów
75%
Głogów
75%
Kłodzko
75%
Kudowa-Zdrój
75%
Zgorzelec
75%
Lądek-Zdrój
70%
Oleśnica
70%
Świdnica
70%
Szklarska Poręba
70%
Wołów
70%
Złotoryja
70%
Bolków
65%
Chojnów
65%
Duszniki-Zdrój
65%
Góra
65%
Jelcz-Laskowice
65%
Kamienna Góra
65%
Kąty Wrocławskie
65%
Lubań
65%
Milicz
65%
Środa Śląska
65%
Świeradów-Zdrój
65%
Bielawa
60%
Boguszów-Gorce
60%
Karpacz
60%
Lwówek Śląski
60%
Nowa Ruda
60%
Oborniki Śląskie
60%
Świebodzice
60%
Szczawno-Zdrój
60%
Ząbkowice Śląskie
60%
Brzeg Dolny
55%
Bystrzyca Kłodzka
55%
Gryfów Śląski
55%
Jaworzyna Śląska
55%
Polanica-Zdrój
55%
Strzegom
55%
Strzelin
55%
Żmigród
55%
Bardo
50%
Jedlina-Zdrój
50%
Kowary
50%
Radków
50%
Siechnice
50%
Sobótka
50%
Syców
50%
Ziębice
50%
Kamieniec Ząbkowicki
45%
Międzylesie
45%
Mirsk
45%
Stronie Śląskie
45%
Chocianów
40%
Leśna
40%
Międzybórz
40%
Mieroszów
40%
Niemcza
40%
Nowogrodziec
40%
Piechowice
40%
Pieszyce
40%
Piława Górna
40%
Świerzawa
40%
Twardogóra
40%
Wleń
40%
Żarów
40%
Złoty Stok
40%
Lubawka
35%
Miękinia
35%
Prochowice
35%
Prusice
35%
Przemków
35%
Szczytna
35%
Wąsosz
35%
Bierutów
30%
Głuszyca
30%
Olszyna
30%
Pieńsk
30%
Węgliniec
30%
Wiązów
30%
Wojcieszów
30%
Zawidów
30%
Lubomierz
15%
Nie znaleziono quizów pasujących do podanych kryteriów
Rozkład punktacji
Procent ludzi z każdym wynikiem
Percentyl według liczby udzielonych odpowiedzi
Twoja historia wyników
Nie rozwiązałeś tego quizu od ostatniego zresetowania